000 00316nam a22001217a 4500
999 _c522758
_d522758
020 _a9789382059837
082 _aW1x54 D354
100 _aDebroy, Bibek
_938478
245 _aThe Railway chronicles
_cby Bibek Debroy
260 _aNew Delhi
_bSynergy Books
_c2019
300 _a215p.
650 _aRailways - India
_938479